|
|
|
|
| LEADER |
02854nam a22006015i 4500 |
| 001 |
978-3-642-29364-1 |
| 003 |
DE-He213 |
| 005 |
20151204172011.0 |
| 007 |
cr nn 008mamaa |
| 008 |
120411s2012 gw | s |||| 0|eng d |
| 020 |
|
|
|a 9783642293641
|9 978-3-642-29364-1
|
| 024 |
7 |
|
|a 10.1007/978-3-642-29364-1
|2 doi
|
| 040 |
|
|
|d GrThAP
|
| 050 |
|
4 |
|a TA1637-1638
|
| 050 |
|
4 |
|a TA1634
|
| 072 |
|
7 |
|a UYT
|2 bicssc
|
| 072 |
|
7 |
|a UYQV
|2 bicssc
|
| 072 |
|
7 |
|a COM012000
|2 bisacsh
|
| 072 |
|
7 |
|a COM016000
|2 bisacsh
|
| 082 |
0 |
4 |
|a 006.6
|2 23
|
| 082 |
0 |
4 |
|a 006.37
|2 23
|
| 245 |
1 |
0 |
|a Camera-Based Document Analysis and Recognition
|h [electronic resource] :
|b 4th International Workshop, CBDAR 2011, Beijing, China, September 22, 2011, Revised Selected Papers /
|c edited by Masakazu Iwamura, Faisal Shafait.
|
| 264 |
|
1 |
|a Berlin, Heidelberg :
|b Springer Berlin Heidelberg,
|c 2012.
|
| 300 |
|
|
|a VIII, 173 p. 93 illus.
|b online resource.
|
| 336 |
|
|
|a text
|b txt
|2 rdacontent
|
| 337 |
|
|
|a computer
|b c
|2 rdamedia
|
| 338 |
|
|
|a online resource
|b cr
|2 rdacarrier
|
| 347 |
|
|
|a text file
|b PDF
|2 rda
|
| 490 |
1 |
|
|a Lecture Notes in Computer Science,
|x 0302-9743 ;
|v 7139
|
| 520 |
|
|
|a This book constitutes the thoroughly refereed post-workshop-proceedings of the 4th International Workshop on Camera-Based Document Analysis and Recognition, CBDAR 2011, held in Beijing, China, in September 2011. The 13 revised full papers presented were carefully selected during a second round of reviewing and improvement from numerous original submissions. Intended to give a snapshot of the state-of-the-art research in the field of camera based document analysis and recognition, the papers are organized in topical sections on text detection and recognition in scene images, camera-based systems, and datasets and evaluation.
|
| 650 |
|
0 |
|a Computer science.
|
| 650 |
|
0 |
|a Data mining.
|
| 650 |
|
0 |
|a User interfaces (Computer systems).
|
| 650 |
|
0 |
|a Text processing (Computer science).
|
| 650 |
|
0 |
|a Image processing.
|
| 650 |
|
0 |
|a Pattern recognition.
|
| 650 |
1 |
4 |
|a Computer Science.
|
| 650 |
2 |
4 |
|a Image Processing and Computer Vision.
|
| 650 |
2 |
4 |
|a Pattern Recognition.
|
| 650 |
2 |
4 |
|a Data Mining and Knowledge Discovery.
|
| 650 |
2 |
4 |
|a Document Preparation and Text Processing.
|
| 650 |
2 |
4 |
|a Information Systems Applications (incl. Internet).
|
| 650 |
2 |
4 |
|a User Interfaces and Human Computer Interaction.
|
| 700 |
1 |
|
|a Iwamura, Masakazu.
|e editor.
|
| 700 |
1 |
|
|a Shafait, Faisal.
|e editor.
|
| 710 |
2 |
|
|a SpringerLink (Online service)
|
| 773 |
0 |
|
|t Springer eBooks
|
| 776 |
0 |
8 |
|i Printed edition:
|z 9783642293634
|
| 830 |
|
0 |
|a Lecture Notes in Computer Science,
|x 0302-9743 ;
|v 7139
|
| 856 |
4 |
0 |
|u http://dx.doi.org/10.1007/978-3-642-29364-1
|z Full Text via HEAL-Link
|
| 912 |
|
|
|a ZDB-2-SCS
|
| 912 |
|
|
|a ZDB-2-LNC
|
| 950 |
|
|
|a Computer Science (Springer-11645)
|